00000000cam 2200000zi 4500
0019.963313
003CaOODSP
00520260604151921
006m     o  d f      
007cr |n|||||||||
008260603e199110  onc     o    f000 0 fre d
040 |aCaOODSP|bfre|erda|cCaOODSP
043 |an-cn---
0861 |aJS42-126/1978F-PDF
24503|aLe contrôle des armes à feu au Canada : |bl'important c'est la vie.
264 1|a[Ottawa] : |b[Solliciteur général Canada], |c[1978]
300 |a1 ressource en ligne (ii, 25 pages)
336 |atexte|btxt|2rdacontent/fre
337 |ainformatique|bc|2rdamedia/fre
338 |aressource en ligne|bcr|2rdacarrier/fre
500 |aÉdition numérisée de l'imprimé [par Sécurité publique Canada].
500 |aPublié aussi en anglais sous le titre : Gun control in Canada : working together to save lives.
650 6|aArmes à feu|xDroit|zCanada.
7101 |aCanada. |bSolliciteur général Canada, |eorganisme de publication.
77508|tGun control in Canada : |w(CaOODSP)9.958093
85640|qPDF|s462 Ko|uhttps://publications.gc.ca/collections/collection_2026/sp-ps/JS42-126-1978-fra.pdf